Future skilled-labour markets in Germany: from model-based calculations to scenarios

Vývojový potenciál pracovného trhu Nemecka. Vyvinutý systém predpovedania možných scenárov vývoja a ich efekty. Identifikácia oblastí profesií s nedostatočným množstvom pracovnej sily.

Saved in:
Bibliographic Details
Main Author: Helmrich, Robert
Other Authors: Wolter, Marc Ingo, Zika, Gerd, Maier, Tobias
Format: Book Chapter
Language:English
Subjects:
Tags: Add Tag
No Tags, Be the first to tag this record!

MARC

LEADER 00000naa a2200000 4500
001 0184531
005 20220729111925.6
041 0 |a eng 
044 |a CZ 
245 1 0 |a Future skilled-labour markets in Germany: from model-based calculations to scenarios  |c Robert Helmrich, Marc Ingo Wolter, Gerd Zika, Tobias Maier 
520 |a Vývojový potenciál pracovného trhu Nemecka. Vyvinutý systém predpovedania možných scenárov vývoja a ich efekty. Identifikácia oblastí profesií s nedostatočným množstvom pracovnej sily. 
610 2 0 |a trh práce 
610 2 0 |a zamestnanosť 
610 2 0 |a kvalifikácia 
610 2 0 |a demografia 
610 2 0 |a Nemecko 
100 1 |a Helmrich, Robert 
700 1 |a Wolter, Marc Ingo 
700 1 |a Zika, Gerd 
700 1 |a Maier, Tobias